| 000 | 01110 a2200229 4500 | ||
|---|---|---|---|
| 001 | 38268 | ||
| 005 | 20260407155647.0 | ||
| 008 | 260407a1981 arg spa d | ||
| 003 | AR-UNSa-BCEJYS | ||
| 040 |
_aAR-UNSa-BCEJYS _bspa _cAR-UNSa-BCEJYS |
||
| 080 |
_a346 _xDerecho económico. Derecho a la direccion estatal de la economía |
||
| 245 | 1 | 0 |
_aDerecho económico _pconceptos y problemas fundamentales |
| 250 | _a2a. ed. | ||
| 264 | 1 |
_aBuenos Aires : _bEdiciones Macchi _c1981 |
|
| 300 |
_a170 p. _c22 cm. |
||
| 505 | _a1. El concepto del derecho económico - 2. El marco institucional del derecho económico - 3. Objeto del derecho económico - 4. Sujeto del derecho económico - 5. El sentido del derecho económico - 6. Fuentes del derecho económico - 7. Partes del derecho económico - 8. Interpretación de las regulaciones económicas - 9. Concurso económico y tipos de asignación - 10. El permiso de asignación - 11. La transgreción económica | ||
| 041 | _aspa | ||
| 942 | _cBK | ||
| 590 | _aniveau_biblio:m niveau_hierar:0 | ||
| 100 | 1 | _aOlivera, Julio H.G. | |
| 700 | 1 | _aBrieux, Eduardo | |
| 999 |
_c2871 _d2871 |
||